书目信息 |
| 题名: |
生物化学代谢与合成反应研究
|
|
| 作者: | 徐心诚 , 成娟丽 , 严峰 编著 | |
| 分册: | ||
| 出版信息: | 北京 中国水利水电出版社 2014 |
|
| 页数: | 263页 | |
| 开本: | 26cm | |
| 丛书名: | ||
| 单 册: | ||
| 中图分类: | Q591.1 | |
| 科图分类: | ||
| 主题词: | 生物化学--代谢--研究 , 生物化学--化学合成--研究 , 生物化学 , 代谢 , 化学合成 | |
| 电子资源: | ||
| ISBN: | 978-7-5170-1505-5 | |
| 000 | 01244nam0 2200301 450 | |
| 001 | 012015000358 | |
| 005 | 20150914155659.20 | |
| 010 | @a978-7-5170-1505-5@dCNY60.00 | |
| 100 | @a20140727d2014 em y0chiy50 ea | |
| 101 | 0 | @achi |
| 102 | @aCN@b110000 | |
| 105 | @aa z 000yy | |
| 106 | @ar | |
| 200 | 1 | @a生物化学代谢与合成反应研究@Asheng wu hua xue dai xie yu he cheng fan ying yan jiu@f徐心诚,成娟丽,严峰编著 |
| 210 | @a北京@c中国水利水电出版社@d2014 | |
| 215 | @a263页@c图@d26cm | |
| 330 | @a本书以生物化学中物质代谢与物质合成为主,展开介绍一系列生化反应,如糖代谢、脂代谢、氨基酸代谢、核酸与核苷酸代谢、核酸合成、蛋白质合成、细胞代谢网络和基因表达调控、水盐代谢与酸碱平衡等。全书开篇两章介绍了蛋白质与核酸的结构与功能,以便对后文各大生化反应的理解。另外,书中还简要介绍了生物化学的应用进展,如肿瘤生物化学、血液生物化学、食品色香味化学等。 | |
| 606 | 0 | @a生物化学@x代谢@x研究 |
| 606 | 0 | @a生物化学@x化学合成@x研究 |
| 606 | 0 | @a生物化学 |
| 606 | 0 | @a代谢 |
| 606 | 0 | @a化学合成 |
| 690 | @aQ591.1@v5 | |
| 701 | 0 | @a徐心诚@Axu xin cheng@f(1959-)@4编著 |
| 701 | 0 | @a成娟丽@Acheng juan li@f(1981-)@4编著 |
| 701 | 0 | @a严峰@Ayan feng@f(1980-)@4编著 |
| 801 | 0 | @aCN@b碧洲教育@c20150716 |
| 905 | @a10447@f4@dQ591.1@e215 | |
| 生物化学代谢与合成反应研究/徐心诚,成娟丽,严峰编著.-北京:中国水利水电出版社,2014 |
| 263页:图;26cm |
| ISBN 978-7-5170-1505-5:CNY60.00 |
| 本书以生物化学中物质代谢与物质合成为主,展开介绍一系列生化反应,如糖代谢、脂代谢、氨基酸代谢、核酸与核苷酸代谢、核酸合成、蛋白质合成、细胞代谢网络和基因表达调控、水盐代谢与酸碱平衡等。全书开篇两章介绍了蛋白质与核酸的结构与功能,以便对后文各大生化反应的理解。另外,书中还简要介绍了生物化学的应用进展,如肿瘤生物化学、血液生物化学、食品色香味化学等。 |
| ● |
| 相关链接 |
|
|
|
|
正题名:生物化学代谢与合成反应研究
索取号:Q591.1/215
 
预约/预借
| 序号 | 登录号 | 条形码 | 馆藏地/架位号 | 状态 | 备注 |
| 1 | 0849612 | 208496126 | 第二样本阅览室/ [索取号:Q591.1/215] | 在馆 | |
| 2 | 0849613 | 208496135 | 第三借阅区/ [索取号:Q591.1/215] | 在馆 | |
| 3 | 0849614 | 208496144 | 第三借阅区/ [索取号:Q591.1/215] | 在馆 | |
| 4 | 0849615 | 208496153 | 密集书库-生命科学系/ [索取号:Q591.1/215] | 在馆 |